|
|
|
|
| LEADER |
00645nta a2200169 i 4500 |
| 001 |
dipl30924 |
| 005 |
20130314091353.0 |
| 008 |
110829s2007 hu om 0|| zxx d |
| 040 |
|
|
|a SZTE Diploma Repozitórium
|b hun
|
| 041 |
|
|
|a zxx
|
| 100 |
1 |
|
|a Karácsondi Jánosné
|
| 245 |
1 |
0 |
|a Munkanélküli ellátás
|h [elektronikus dokumentum] /
|c Jánosné Karácsondi
|
| 246 |
1 |
0 |
|a Munkanélküli ellátás = Unemployment supply
|h [elektronikus dokumentum]
|
| 260 |
|
|
|c 2007
|
| 650 |
|
4 |
|a Jogi és igazgatási tanulmányok
|
| 700 |
1 |
|
|a Farkas Kornélia
|e ths
|
| 856 |
4 |
0 |
|u http://diploma.bibl.u-szeged.hu/id/eprint/30924/1/2007_karacsondi_janosne.pdf
|z Dokumentum-elérés
|